000 02218nam0a2200349 4500
001 RU\NLR\BIBL_A\012879059
005 20260407121840.0
035 _a(NLR Aleph) 012879059
090 _a12513632
_c12513632
100 _a20220831d1849 |||y0rusy50 ca
101 0 _arus
102 _aRU
105 _ay z 000yy
181 0 _ai
_baxxe
182 0 _an
200 1 _aПоложение о неспособных нижних чинах Морского ведомства
_eна подлинном собственною Его Императорского Величества рукою написано: "Быть по сему", в С.-Петербурге 27-го апреля 1849 года
203 _aТекст
_bвизуальный
_cнепосредственный
210 _aС.-Петербург
_cв Типографии Ф. Королькова
_d1849
215 _a[10], 119, [5] с.
_d21
309 _aБез тит. л. и обл.
327 _aВ кн. также: Приказы Начальника Главного Морского Штаба Его Императорского Величества. Подписал: Князь Меншиков
464 0 _12001#$aПриказы Начальника Главного Морского Штаба Его Императорского Величества
_1702#1$aМеншиков$bА. С.$f1787-1869$gАлександр Сергеевич$3RU\NLR\AUTH\770187335$4720
_tПриказы Начальника Главного Морского Штаба Его Императорского Величества
601 0 1 _aРоссия
_bВооруженные силы
_xЛичный состав
_xУвольнение с действительной военной службы
_92297527
_3RU\NLR\AUTH\6601602542
686 3 _aЦ4,8(2)231
702 1 _4720
_7ca
_8rus
_aМеншиков
_bА. С.
_f1787-1869
_gАлександр Сергеевич
_9187284
_3RU\NLR\AUTH\770187335
712 0 1 _4570
_aРоссия
_bГлавный морской штаб
_3RU\NLR\AUTH\889957678
_9411455
852 _aNLR
_j19.118.1.17(2)
942 _cBOOK
980 _aNB